<?xml version="1.0" encoding="UTF-8"?>
<collection xmlns="http://www.loc.gov/MARC21/slim">
 <record>
  <leader>01096pamaa2200157   4500</leader>
  <controlfield tag="001">0000035036</controlfield>
  <controlfield tag="005">20110107090000.0</controlfield>
  <datafield tag="020" ind1="0" ind2="0">
   <subfield code="a">[nil] </subfield>
  </datafield>
  <datafield tag="090" ind1="0" ind2="0">
   <subfield code="a">PE1065 </subfield>
   <subfield code="b">TES 2001</subfield>
  </datafield>
  <datafield tag="245" ind1="0" ind2="0">
   <subfield code="a">TESL seminar 2001.</subfield>
  </datafield>
  <datafield tag="260" ind1="0" ind2="0">
   <subfield code="a">Nilai: </subfield>
   <subfield code="b">INTI College Malyaisa, </subfield>
   <subfield code="c">2001.</subfield>
  </datafield>
  <datafield tag="300" ind1=" " ind2=" ">
   <subfield code="a">various pages (1cm thick).</subfield>
  </datafield>
  <datafield tag="500" ind1="0" ind2="0">
   <subfield code="a">Seminar held on 7th April 2001 at INTI College Malaysia, Nilai</subfield>
  </datafield>
  <datafield tag="500" ind1="0" ind2="0">
   <subfield code="a">Contents: Profile; Sharing ideas: The Bestari Concepts in Lessons Forum by Junaidah Osman. 2. Introducing Literature in the English Classroom by Saleha Abdul Rahman. 3. Using a Whole Language Approach to Teach Grammar by Ding Eng Na. 4. Interactive Reading Skills by Teoh Lai Neo and Wndy Chan Wai Mei. 5. Drama in the Classroom by Wee Kia Kee. 6. Writing Skills by Yusof Pateh Akhir. 7. Making full Use of that Outline by Judy Fernandez. 8. Group Dynamics by Phawani Vijayaratnam. 9. A Gripping and Grappling Writing Activity by Yeo Beng Kong. 10. Grammar Games : A Fun Way to Master English Grammar by Florence Mah. 11. Ideas, Please! by Syahaziliz Mohammed Ismail</subfield>
  </datafield>
  <datafield tag="650" ind1="0" ind2="0">
   <subfield code="a">English language </subfield>
  </datafield>
  <datafield tag="650" ind1="0" ind2="0">
   <subfield code="a">Seminar paper </subfield>
  </datafield>
 </record>
</collection>
